[Event "EU-Cup 38th"]
[Site "Durres"]
[Date "2023.10.05"]
[Round "5.5"]
[White "Hansen, Eric"]
[Black "Anton Guijarro, David"]
[Result "1/2-1/2"]
[WhiteElo "2609"]
[BlackElo "2653"]
[PlyCount "34"]
[EventDate "2023.10.01"]
[EventType "team-swiss"]
[EventRounds "7"]
[EventCountry "ALB"]
[SourceTitle "EXT 2024"]
[Source "ChessBase"]
[SourceDate "2023.10.10"]
[SourceVersion "1"]
[SourceVersionDate "2023.10.10"]
[SourceQuality "1"]
[WhiteTeam "Offerspill"]
[BlackTeam "Novy Bor"]
[WhiteTeamCountry "NOR"]
[BlackTeamCountry "CZE"]

1. e4 c6 2. Nf3 d5 3. d3 Qc7 4. exd5 cxd5 5. c4 Nf6 6. Nc3 e6 7. Be2 Nc6 8. 0-0 Be7 9. Nb5 Qd8 10. Bf4 0-0 11. Bc7 Qe8 12. Bg3 Qd8 13. Nc7 Rb8 14. Nb5 Ra8 15. Nc7 Rb8 16. Nb5 Ra8 17. Nc7 Rb8 1/2-1/2

[Event "Titled Tuesday intern op 26th Sep Late"]
[Site "Chess.com INT"]
[Date "2023.09.26"]
[Round "4"]
[White "Hansen, Eric"]
[Black "Gubajdullin, Alexey"]
[Result "0-1"]
[WhiteElo "2609"]
[BlackElo "2253"]
[PlyCount "94"]
[EventDate "2023.09.26"]
[EventType "swiss (blitz)"]
[EventRounds "11"]
[EventCountry "USA"]
[SourceTitle "EXT 2024"]
[Source "ChessBase"]
[SourceDate "2023.10.10"]
[SourceVersion "1"]
[SourceVersionDate "2023.10.10"]
[SourceQuality "1"]

1. c4 Nf6 2. Nc3 g6 3. d4 Bg7 4. e4 0-0 5. h4 d6 6. Be2 h5 7. Nh3 Bxh3 8. Rxh3 Nc6 9. Be3 e5 10. d5 Nd4 11. Bxd4 exd4 12. Qxd4 Re8 13. Qd3 Nd7 14. Qc2 Nc5 15. f3 c6 16. 0-0-0 a5 17. Kb1 a4 18. a3 Ra6 19. Na2 Rb6 20. Nb4 Qf6 21. g3 Na6 22. Nd3 Nc5 23. Nb4 Na6 24. Nd3 Rb3 25. Rd2 cxd5 26. cxd5 Nc5 27. e5 Qf5 28. Nxc5 Qxh3 29. Nxb3 axb3 30. Qxb3 Bxe5 31. f4 Bf6 32. Qf3 Qh2 33. Ka2 Qg1 34. Rc2 Qe1 35. Bb5 Re3 36. Qf2 Qxf2 37. Rxf2 Rxg3 38. f5 Bxh4 39. fxg6 fxg6 40. Re2 Kg7 41. Be8 Bf6 42. b4 h4 43. Bd7 g5 44. Re6 g4 45. Rxd6 h3 46. Rb6 h2 47. Rxb7 h1Q 0-1

[Event "Titled Tuesday intern op 26th Sep Late"]
[Site "Chess.com INT"]
[Date "2023.09.26"]
[Round "2"]
[White "Hansen, Eric"]
[Black "Saif, Malek"]
[Result "1-0"]
[WhiteElo "2609"]
[BlackElo "2139"]
[PlyCount "107"]
[EventDate "2023.09.26"]
[EventType "swiss (blitz)"]
[EventRounds "11"]
[EventCountry "USA"]
[SourceTitle "EXT 2024"]
[Source "ChessBase"]
[SourceDate "2023.10.10"]
[SourceVersion "1"]
[SourceVersionDate "2023.10.10"]
[SourceQuality "1"]

1. c4 c6 2. e4 d6 3. d4 Nd7 4. Nc3 e5 5. Be3 Ngf6 6. f3 Qc7 7. Qd2 Be7 8. Nge2 b6 9. Ng3 Bb7 10. Nf5 Bf8 11. Rd1 0-0-0 12. dxe5 dxe5 13. Nd6+ Bxd6 14. Qxd6 Qxd6 15. Rxd6 Nb8 16. Rd2 Rxd2 17. Kxd2 Rd8+ 18. Kc2 Nbd7 19. c5 b5 20. a4 a6 21. b4 Nf8 22. Be2 Ne6 23. Kb2 Nd4 24. Bd1 Kc7 25. h4 Bc8 26. g4 Ne6 27. h5 Nf4 28. Bxf4 exf4 29. Ne2 bxa4 30. Nxf4 Rd2+ 31. Kc3 Ra2 32. h6 g6 33. Nh3 a3 34. Bb3 Re2 35. Ng5 Re3+ 36. Kc2 Re2+ 37. Kd3 Rb2 38. Kc3 Re2 39. Bxf7 Re3+ 40. Kd2 Nxg4 41. fxg4 Rg3 42. Nxh7 a2 43. Bxa2 Rg2+ 44. Ke3 Rxa2 45. Ng5 Ra3+ 46. Kf4 Ra1 47. Rxa1 Be6 48. Nxe6+ Kd7 49. Ng5 Ke7 50. h7 a5 51. h8Q a4 52. Qg7+ Kd8 53. Rh1 Kc8 54. Rh8# 1-0

[Event "Titled Tuesday intern op 26th Sep Late"]
[Site "Chess.com INT"]
[Date "2023.09.26"]
[Round "8"]
[White "Hansen, Eric"]
[Black "Veljanoski, Andrej"]
[Result "1-0"]
[WhiteElo "2609"]
[BlackElo "2270"]
[PlyCount "95"]
[EventDate "2023.09.26"]
[EventType "swiss (blitz)"]
[EventRounds "11"]
[EventCountry "USA"]
[SourceTitle "EXT 2024"]
[Source "ChessBase"]
[SourceDate "2023.10.10"]
[SourceVersion "1"]
[SourceVersionDate "2023.10.10"]
[SourceQuality "1"]

1. e4 e5 2. Nf3 Nc6 3. Bb5 a6 4. Ba4 Nge7 5. 0-0 g6 6. c3 Bg7 7. d4 exd4 8. cxd4 b5 9. Bb3 0-0 10. d5 Na5 11. Bd2 Nxb3 12. Qxb3 d6 13. Bc3 c5 14. a4 Rb8 15. axb5 axb5 16. Bxg7 Kxg7 17. Nbd2 Ng8 18. Ra7 Nf6 19. Rfa1 Bb7 20. Qc3 Kg8 21. Ne1 Re8 22. f3 Nd7 23. Nd3 Qf6 24. Qxf6 Nxf6 25. b4 c4 26. Nc1 Nxd5 27. exd5 Bxd5 28. Kf2 Re6 29. Ne2 Rbe8 30. Nc3 Bc6 31. Nf1 d5 32. Rd1 Rd6 33. Rd4 Rde6 34. h4 Re1 35. Rc7 Rc1 36. Ne2 Rc2 37. Rd2 Rxd2 38. Nxd2 Ba8 39. Nd4 Kg7 40. Nxb5 Rb8 41. Nd6 Rxb4 42. Rxf7+ Kg8 43. Rc7 Ra4 44. Ke3 Ra3+ 45. Kf4 Rd3 46. Kg5 Rxd2 47. Kf6 Bb7 48. Rxb7 1-0

[Event "Titled Tuesday intern op 19th Sep Late"]
[Site "Chess.com INT"]
[Date "2023.09.19"]
[Round "11"]
[White "Wieczorek, Oskar"]
[Black "Hansen, Eric"]
[Result "0-1"]
[WhiteElo "2494"]
[BlackElo "2609"]
[PlyCount "58"]
[EventDate "2023.09.19"]
[EventType "swiss (blitz)"]
[EventRounds "11"]
[EventCountry "USA"]
[SourceTitle "EXT 2024"]
[Source "ChessBase"]
[SourceDate "2023.10.10"]
[SourceVersion "1"]
[SourceVersionDate "2023.10.10"]
[SourceQuality "1"]

1. e4 e5 2. Nf3 Nc6 3. Nc3 Nf6 4. h3 Bb4 5. Nd5 Bd6 6. Bc4 0-0 7. d3 Nxd5 8. Bxd5 Ne7 9. Bb3 Nc6 10. Ng5 Qf6 11. a3 Bc5 12. 0-0 h6 13. Nxf7 Rxf7 14. Be3 d6 15. Bxc5 dxc5 16. Bxf7+ Qxf7 17. Qd2 Qf4 18. Qc3 b6 19. Qc4+ Kh7 20. Qd5 Qf6 21. f4 exf4 22. e5 Qg6 23. Rxf4 Bxh3 24. Re1 Rd8 25. Qf3 Bc8 26. e6 Nd4 27. Rxd4 cxd4 28. Qc6 Rd6 29. Qxc7 Rxe6 0-1

[Event "Titled Tuesday intern op 12th Sep Early"]
[Site "Chess.com INT"]
[Date "2023.09.12"]
[Round "7"]
[White "Pranesh, Munirethinam"]
[Black "Hansen, Eric"]
[Result "0-1"]
[WhiteElo "2505"]
[BlackElo "2609"]
[PlyCount "124"]
[EventDate "2023.09.12"]
[EventType "swiss (blitz)"]
[EventRounds "11"]
[EventCountry "USA"]
[SourceTitle "EXT 2024"]
[Source "ChessBase"]
[SourceDate "2023.10.10"]
[SourceVersion "1"]
[SourceVersionDate "2023.10.10"]
[SourceQuality "1"]

1. e4 e5 2. Nf3 Nc6 3. Bc4 Bc5 4. 0-0 Nf6 5. d4 Bxd4 6. Nxd4 Nxd4 7. Bg5 d6 8. f4 Qe7 9. fxe5 dxe5 10. Na3 Bd7 11. c3 Ne6 12. Bxf6 gxf6 13. Qf3 Rg8 14. Kh1 Rg6 15. Qf2 Nc5 16. Rae1 a6 17. Nc2 Bc6 18. Qf5 Qd7 19. Ne3 Qxf5 20. exf5 Rg5 21. Bd5 0-0-0 22. Bxc6 bxc6 23. Rd1 Rd6 24. b3 Ne4 25. c4 Rg8 26. Rde1 a5 27. Rf3 Rd3 28. Kg1 h5 29. Rh3 Ng5 30. Rg3 h4 31. Rg4 h3 32. Re2 Rgd8 33. Kf2 Kb7 34. Rc2 Rd2+ 35. Rxd2 Rxd2+ 36. Kf1 Rxa2 37. gxh3 Nxh3 38. Rg7 Rf2+ 39. Ke1 Rf3 40. Ng4 Rxf5 41. Rxf7 Rf4 42. Ne3 Ng5 43. Rg7 Nf3+ 44. Ke2 Nxh2 45. c5 Nf3 46. Nc4 Nd4+ 47. Ke3 Nxb3 48. Nd6+ Kb8 49. Rg8+ Ka7 50. Rg7 Nxc5 51. Rxc7+ Kb6 52. Rc8 Rh4 53. Nf5 Rh3+ 54. Ke2 a4 55. Ne7 Ne4 56. Rxc6+ Kb5 57. Rc8 a3 58. Nd5 Nc5 59. Ra8 a2 60. Kf1 Rh1+ 61. Kg2 a1Q 62. Rxa1 Rxa1 0-1

[Event "Titled Tuesday intern op 05th Sep Early"]
[Site "Chess.com INT"]
[Date "2023.09.05"]
[Round "3"]
[White "Ismayil, Malak"]
[Black "Hansen, Eric"]
[Result "0-1"]
[WhiteElo "2148"]
[BlackElo "2609"]
[PlyCount "86"]
[EventDate "2023.09.05"]
[EventType "swiss (blitz)"]
[EventRounds "11"]
[EventCountry "USA"]
[SourceTitle "EXT 2024"]
[Source "ChessBase"]
[SourceDate "2023.10.10"]
[SourceVersion "1"]
[SourceVersionDate "2023.10.10"]
[SourceQuality "1"]

1. e4 e5 2. Nf3 Nc6 3. Bc4 Bc5 4. d3 d6 5. Nc3 a6 6. h3 h6 7. Be3 Bb4 8. a3 Bxc3+ 9. bxc3 Nf6 10. Bb3 0-0 11. 0-0 Ne7 12. Qd2 Kh7 13. Rae1 Ng6 14. Nh2 Nh5 15. d4 Qe7 16. Kh1 Nhf4 17. Bxf4 Nxf4 18. Qe3 Bd7 19. Nf3 Rae8 20. dxe5 dxe5 21. Rd1 Bb5 22. Rfe1 Qf6 23. Kh2 Qe7 24. g3 Nh5 25. Nh4 g6 26. Bd5 Nf6 27. Ng2 Nxd5 28. exd5 f5 29. f4 e4 30. Qd4 Qxa3 31. c4 Bd7 32. Ne3 Qe7 33. Rb1 Rb8 34. c5 g5 35. Rf1 Kg6 36. Nc4 Kh7 37. Ne5 Be8 38. d6 Qg7 39. d7 Bh5 40. Rbe1 Rbd8 41. g4 Bg6 42. fxg5 hxg5 43. c3 c6 0-1

[Event "Titled Tuesday intern op 05th Sep Early"]
[Site "Chess.com INT"]
[Date "2023.09.05"]
[Round "5"]
[White "Ovetchkin, Roman"]
[Black "Hansen, Eric"]
[Result "0-1"]
[WhiteElo "2518"]
[BlackElo "2609"]
[PlyCount "72"]
[EventDate "2023.09.05"]
[EventType "swiss (blitz)"]
[EventRounds "11"]
[EventCountry "USA"]
[SourceTitle "EXT 2024"]
[Source "ChessBase"]
[SourceDate "2023.10.10"]
[SourceVersion "1"]
[SourceVersionDate "2023.10.10"]
[SourceQuality "1"]

1. d4 Nf6 2. c4 g6 3. Nc3 d5 4. cxd5 Nxd5 5. Na4 Bg7 6. e4 Nb6 7. Be3 0-0 8. Be2 f5 9. exf5 Bxf5 10. Nc5 Nc6 11. Nf3 Kh8 12. Nxb7 Qb8 13. Nc5 Nd5 14. Qb3 Nxe3 15. fxe3 e5 16. Bb5 Qb6 17. Qa4 exd4 18. Bxc6 dxe3 19. Bxa8 Qxc5 20. 0-0 Rxa8 21. Rac1 Qb6 22. Qb3 Bxb2 23. Qxb6 cxb6 24. Rc7 Ba3 25. Re1 Bc5 26. h3 a5 27. Ng5 h5 28. g4 hxg4 29. hxg4 Bd3 30. Nf7+ Kg8 31. Ne5 Be4 32. Nd7 Bd4 33. Re2 Bf3 34. Kf1 Bxe2+ 35. Kxe2 Re8 36. g5 Re7 0-1

[Event "Titled Tuesday intern op 01st Aug Late"]
[Site "Chess.com INT"]
[Date "2023.08.01"]
[Round "6"]
[White "Chor, Kevin"]
[Black "Hansen, Eric"]
[Result "0-1"]
[WhiteElo "1944"]
[BlackElo "2609"]
[PlyCount "74"]
[EventDate "2023.08.01"]
[EventType "swiss (blitz)"]
[EventRounds "11"]
[EventCountry "USA"]
[SourceTitle "EXT 2024"]
[Source "ChessBase"]
[SourceDate "2023.10.10"]
[SourceVersion "1"]
[SourceVersionDate "2023.10.10"]
[SourceQuality "1"]

1. e4 c5 2. Nf3 e6 3. d4 cxd4 4. Nxd4 a6 5. Nc3 Qc7 6. Bd3 Nf6 7. 0-0 Bc5 8. Nb3 Be7 9. a4 d6 10. Qe2 b6 11. f4 Bb7 12. Bd2 Nbd7 13. g4 g6 14. Rae1 0-0 15. g5 Nh5 16. Qf2 Nc5 17. Nd4 Nxd3 18. cxd3 e5 19. Nde2 f5 20. gxf6 Nxf6 21. f5 Kh8 22. Bh6 Rg8 23. Ng3 Ng4 24. Qd2 Qd7 25. Bg5 gxf5 26. Rxf5 Rg7 27. Ref1 Rag8 28. Bxe7 Qxe7 29. Nce2 Bc8 30. Kh1 d5 31. exd5 Qc5 32. R5f3 Qxd5 33. Nc3 Qd7 34. Nce4 Bb7 35. h3 Nf6 36. Kh2 Nxe4 37. Nxe4 Bxe4 0-1

[Event "Titled Tuesday intern op 01st Aug Late"]
[Site "Chess.com INT"]
[Date "2023.08.01"]
[Round "11"]
[White "Hansen, Eric"]
[Black "Ardelean, George Catalin"]
[Result "1-0"]
[WhiteElo "2609"]
[BlackElo "2447"]
[PlyCount "87"]
[EventDate "2023.08.01"]
[EventType "swiss (blitz)"]
[EventRounds "11"]
[EventCountry "USA"]
[SourceTitle "EXT 2024"]
[Source "ChessBase"]
[SourceDate "2023.10.10"]
[SourceVersion "1"]
[SourceVersionDate "2023.10.10"]
[SourceQuality "1"]

1. e4 c5 2. Nf3 d6 3. d4 cxd4 4. Nxd4 Nf6 5. Nc3 Nc6 6. Bg5 e6 7. Qd2 a6 8. 0-0-0 Bd7 9. f3 Be7 10. h4 h6 11. Be3 h5 12. Kb1 Ne5 13. Bg5 Qc7 14. Be2 b5 15. a3 Rb8 16. f4 Nc4 17. Bxc4 bxc4 18. Ka1 Qb7 19. Rb1 Nxe4 20. Nxe4 Qxe4 21. Rhe1 Qd5 22. Bxe7 Kxe7 23. Qc3 Kf8 24. g3 Rh6 25. Rbd1 Qc5 26. Nf3 Rf6 27. Ng5 Rf5 28. Ne4 Qc7 29. Nxd6 Rd5 30. Rxd5 exd5 31. Qe5 c3 32. Qe7+ Kg8 33. Qxf7+ Kh7 34. Qxh5+ Kg8 35. Qxd5+ Kh7 36. b4 Bg4 37. Ne8 Qa7 38. Qd3+ Kh8 39. Qg6 Bf3 40. f5 a5 41. f6 gxf6 42. Nxf6 Qg7 43. Re8+ Rxe8 44. Qxe8+ 1-0

[Event "Titled Tuesday intern op 01st Aug Late"]
[Site "Chess.com INT"]
[Date "2023.08.01"]
[Round "10"]
[White "Karaoglan, Doruk"]
[Black "Hansen, Eric"]
[Result "0-1"]
[WhiteElo "2278"]
[BlackElo "2609"]
[PlyCount "78"]
[EventDate "2023.08.01"]
[EventType "swiss (blitz)"]
[EventRounds "11"]
[EventCountry "USA"]
[SourceTitle "EXT 2024"]
[Source "ChessBase"]
[SourceDate "2023.10.10"]
[SourceVersion "1"]
[SourceVersionDate "2023.10.10"]
[SourceQuality "1"]

1. e4 c5 2. Nc3 e6 3. g3 a6 4. Bg2 Nc6 5. d3 d6 6. Nh3 b5 7. 0-0 Bb7 8. f4 g6 9. f5 Ne5 10. fxe6 fxe6 11. Ng5 Qe7 12. Bh3 Bc8 13. Bf4 Nf6 14. Bxe5 dxe5 15. a4 b4 16. Nb1 Bh6 17. Nf3 c4 18. Nbd2 cxd3 19. cxd3 0-0 20. Nc4 Nd7 21. Kh1 a5 22. Nfxe5 Nxe5 23. Nxe5 Ba6 24. Qb3 Kg7 25. Rxf8 Rxf8 26. Qc2 Qd6 27. Nc4 Qd4 28. Rf1 Rd8 29. Bxe6 Kh8 30. Rf7 Bg7 31. Rf3 h5 32. Bf7 Kh7 33. Qe2 Bc8 34. Rf4 Bh6 35. Rf1 Bg4 36. Qc2 Bh3 37. Rd1 b3 38. Qd2 Bg4 39. Qe1 Bf3# 0-1

[Event "Titled Tuesday intern op 25th Jul Early"]
[Site "Chess.com INT"]
[Date "2023.07.25"]
[Round "3"]
[White "Hansen, Eric"]
[Black "De Silva, LMST"]
[Result "0-1"]
[WhiteElo "2609"]
[BlackElo "2433"]
[PlyCount "54"]
[EventDate "2023.07.25"]
[EventType "swiss (blitz)"]
[EventRounds "11"]
[EventCountry "USA"]
[SourceTitle "EXT 2024"]
[Source "ChessBase"]
[SourceDate "2023.10.10"]
[SourceVersion "1"]
[SourceVersionDate "2023.10.10"]
[SourceQuality "1"]

1. b3 e5 2. Bb2 Nc6 3. e3 Nf6 4. Bb5 Bd6 5. Ne2 0-0 6. Ng3 a6 7. Bxc6 dxc6 8. 0-0 Qe7 9. d3 Ng4 10. h3 Nh6 11. e4 f5 12. exf5 Nxf5 13. Nxf5 Bxf5 14. Nd2 Rf6 15. Nc4 Raf8 16. Nxd6 cxd6 17. Qf3 Be6 18. Qe3 Rg6 19. Kh2 Qh4 20. c4 c5 21. Rae1 Rf4 22. Re2 Bd7 23. Rg1 Bc6 24. Bxe5 dxe5 25. Qxe5 Rxf2 26. b4 Rxe2 27. Qxe2 Qg3+ 0-1

[Event "Titled Tuesday intern op 25th Jul Early"]
[Site "Chess.com INT"]
[Date "2023.07.25"]
[Round "8"]
[White "Hansen, Eric"]
[Black "Giri, Anish"]
[Result "1-0"]
[WhiteElo "2609"]
[BlackElo "2775"]
[PlyCount "93"]
[EventDate "2023.07.25"]
[EventType "swiss (blitz)"]
[EventRounds "11"]
[EventCountry "USA"]
[SourceTitle "EXT 2024"]
[Source "ChessBase"]
[SourceDate "2023.10.10"]
[SourceVersion "1"]
[SourceVersionDate "2023.10.10"]
[SourceQuality "1"]

1. Nf3 d5 2. d4 Nf6 3. c4 c6 4. e3 Bf5 5. Nc3 e6 6. Nh4 Be4 7. f3 Bg6 8. Qb3 Qc7 9. Nxg6 hxg6 10. Bd2 Be7 11. 0-0-0 dxc4 12. Bxc4 b5 13. Be2 a6 14. e4 c5 15. dxc5 Nbd7 16. Kb1 Nxc5 17. Qc2 Rc8 18. g3 0-0 19. Rc1 Qb7 20. Be3 b4 21. Na4 Ncxe4 22. Qd3 Nd6 23. Qxa6 Qxa6 24. Bxa6 Ra8 25. Rc6 Nd5 26. Bf2 Nf5 27. Nc5 Rfd8 28. Ne4 Bf8 29. Bc4 Nde3 30. Bb3 Nd4 31. Rcc1 Nxb3 32. axb3 Nd5 33. Rhd1 Ra6 34. Rc4 Rda8 35. Kc2 f6 36. f4 Kf7 37. h4 Be7 38. Bc5 Rd8 39. Bf2 Rd7 40. Rd2 Ra8 41. Kd1 Rad8 42. Ke1 Ra8 43. Ke2 Rad8 44. Kf3 Ra8 45. Rdc2 Ra1 46. Rd2 Rc1 47. Rxc1 1-0

[Event "Titled Tuesday intern op 25th Jul Early"]
[Site "Chess.com INT"]
[Date "2023.07.25"]
[Round "10"]
[White "Sarana, Alexey"]
[Black "Hansen, Eric"]
[Result "0-1"]
[WhiteElo "2685"]
[BlackElo "2609"]
[PlyCount "96"]
[EventDate "2023.07.25"]
[EventType "swiss (blitz)"]
[EventRounds "11"]
[EventCountry "USA"]
[SourceTitle "EXT 2024"]
[Source "ChessBase"]
[SourceDate "2023.10.10"]
[SourceVersion "1"]
[SourceVersionDate "2023.10.10"]
[SourceQuality "1"]

1. d4 Nf6 2. c4 e6 3. Nc3 Bb4 4. Qc2 d6 5. Nf3 0-0 6. Bd2 b6 7. e4 Bb7 8. Bd3 e5 9. a3 Bxc3 10. Bxc3 exd4 11. Bxd4 Nxe4 12. Bxe4 Bxe4 13. Qxe4 Re8 14. Be5 Nd7 15. 0-0 Nxe5 16. Nd2 Qf6 17. Qc2 Nc6 18. Rfe1 a5 19. Ne4 Qg6 20. Re3 Nd4 21. Qd3 Nf5 22. Re2 Re6 23. Rae1 Rae8 24. g3 Ne7 25. f4 h6 26. b4 axb4 27. axb4 Nc6 28. b5 Nb4 29. Qf3 f5 30. Nc3 Nc2 31. Qd5 Nxe1 32. Rxe1 Qf7 33. Rf1 Re1 34. Qd3 R8e3 35. Qd4 Qe6 36. Rxe1 Rxe1+ 37. Kf2 Rh1 38. Kg2 Rc1 39. Qd2 Qe1 40. Qd5+ Kh8 41. Kh3 Qxc3 42. Qxf5 Qxc4 43. Qc8+ Qg8 44. Qd7 Rc5 45. g4 Qf8 46. f5 Kh7 47. Kg3 Qf6 48. Qe8 Qe5+ 0-1

[Event "Bullet Chess Losers"]
[Site "Chess.com INT"]
[Date "2023.07.19"]
[Round "2.12"]
[White "Hansen, Eric"]
[Black "Tang, Andrew"]
[Result "0-1"]
[WhiteElo "2609"]
[BlackElo "2523"]
[PlyCount "124"]
[EventDate "2023.07.18"]
[EventType "k.o. (blitz)"]
[EventRounds "6"]
[EventCountry "USA"]
[SourceTitle "CBM 215 Extra"]
[Source "ChessBase"]
[SourceDate "2023.09.30"]
[SourceVersion "1"]
[SourceVersionDate "2023.09.30"]
[SourceQuality "1"]

1. Nf3 d5 2. d3 Nf6 3. g3 e6 4. Bg2 Be7 5. 0-0 0-0 6. c4 c5 7. cxd5 Nxd5 8. Nc3 Nc6 9. Bd2 b6 10. Rc1 Bb7 11. a3 Rc8 12. Ne4 h6 13. Re1 Qd7 14. Qa4 Rfd8 15. Red1 a6 16. Qb3 Qc7 17. e3 Na5 18. Bxa5 bxa5 19. d4 c4 20. Qc2 Qb6 21. Ne5 c3 22. bxc3 Bxa3 23. Rb1 Qc7 24. Qb3 Nxc3 25. Qxb7 Nxd1 26. Qxc7 Rxc7 27. Rxd1 a4 28. Bf1 Bb2 29. Nc4 a3 30. Ncd2 a2 31. Nb3 Rb8 32. Ned2 a5 33. Kg2 a4 34. Nc5 a3 35. Nc4 a1Q 36. Rxa1 Bxa1 37. Nxa3 Rb2 38. Nc4 Rc2 39. Bd3 Rc1 40. Nb3 Rd1 41. Bc2 Re1 42. Bd3 Bc3 43. Nc5 Bb4 44. Ne4 Be7 45. Kf3 Rd1 46. Ke2 Ra1 47. h4 Ra2+ 48. Kf3 f5 49. Ned2 Kf7 50. Ne5+ Kf6 51. Ndc4 g5 52. hxg5+ hxg5 53. g4 Bb4 54. gxf5 exf5 55. e4 Be1 56. exf5 Rxf2+ 57. Kg4 Rf4+ 58. Kh3 Rh7+ 59. Kg2 Rf2+ 60. Kg1 Rf4 61. Nd6 Rxd4 62. Ne4+ Kxe5 0-1

[Event "Bullet Chess Losers"]
[Site "Chess.com INT"]
[Date "2023.07.19"]
[Round "2.5"]
[White "Tang, Andrew"]
[Black "Hansen, Eric"]
[Result "1-0"]
[WhiteElo "2523"]
[BlackElo "2609"]
[PlyCount "91"]
[EventDate "2023.07.18"]
[EventType "k.o. (blitz)"]
[EventRounds "6"]
[EventCountry "USA"]
[SourceTitle "CBM 215 Extra"]
[Source "ChessBase"]
[SourceDate "2023.09.30"]
[SourceVersion "1"]
[SourceVersionDate "2023.09.30"]
[SourceQuality "1"]

1. d4 Nf6 2. c4 e6 3. Nc3 Bb4 4. Qc2 0-0 5. Nf3 d5 6. Bg5 h6 7. Bxf6 Qxf6 8. a3 Bxc3+ 9. Qxc3 c6 10. h4 Nd7 11. g4 Qf4 12. g5 e5 13. gxh6 exd4 14. Nxd4 Qxh6 15. Rg1 Nf6 16. e3 Ne4 17. Qc2 Re8 18. Bd3 Qxh4 19. Bxe4 Qxe4 20. Qc3 Qe5 21. 0-0-0 c5 22. Nb5 Qxc3+ 23. bxc3 dxc4 24. Nc7 Be6 25. Nxa8 Rxa8 26. e4 Kf8 27. f4 g6 28. Rg5 Ke7 29. Rxc5 b6 30. Rc7+ Kf6 31. Rd6 Rh8 32. Rxa7 Rh4 33. f5 gxf5 34. exf5 Kxf5 35. Rxb6 Rh3 36. Kd2 Rd3+ 37. Kc2 Rf3 38. a4 Ke4 39. a5 Rf2+ 40. Kb1 Kd3 41. a6 Kxc3 42. Rab7 Rf1+ 43. Ka2 Kd3 44. a7 Bd5 45. Rd7 c3+ 46. Rxd5+ 1-0

[Event "Bullet Chess Losers"]
[Site "Chess.com INT"]
[Date "2023.07.19"]
[Round "2.11"]
[White "Tang, Andrew"]
[Black "Hansen, Eric"]
[Result "1-0"]
[WhiteElo "2523"]
[BlackElo "2609"]
[PlyCount "75"]
[EventDate "2023.07.18"]
[EventType "k.o. (blitz)"]
[EventRounds "6"]
[EventCountry "USA"]
[SourceTitle "CBM 215 Extra"]
[Source "ChessBase"]
[SourceDate "2023.09.30"]
[SourceVersion "1"]
[SourceVersionDate "2023.09.30"]
[SourceQuality "1"]

1. d4 Nf6 2. Nf3 e6 3. Bf4 d5 4. e3 Bd6 5. Nbd2 c5 6. c3 Qc7 7. Bxd6 Qxd6 8. Ne5 Nc6 9. f4 Qc7 10. Bd3 b6 11. 0-0 Bb7 12. Qe2 0-0 13. Rf3 Ne7 14. Rh3 g6 15. Qf2 h5 16. Qh4 Kg7 17. Ndf3 Rh8 18. Ng5 Raf8 19. Nexf7 Bc8 20. Ne5 Nf5 21. Bxf5 exf5 22. Rg3 Ng4 23. h3 Nxe5 24. fxe5 b5 25. Nf3 b4 26. Qg5 Rh6 27. Nh4 Qc6 28. Rf1 bxc3 29. bxc3 Kh7 30. Qf4 Ba6 31. Rb1 Qc7 32. Nf3 Re8 33. Ng5+ Kg8 34. Qxf5 Bc8 35. Qf6 Rf8 36. Qd6 Qxd6 37. exd6 Rd8 38. dxc5 1-0